| 000 | 00426nam a22001817a 4500 | ||
|---|---|---|---|
| 005 | 20230110103841.0 | ||
| 008 | 221220b |||||||| |||| 00| 0 eng d | ||
| 020 | _a97893-86479-891 | ||
| 041 | _aeng | ||
| 082 | _a631.46 RAO-S | ||
| 100 |
_aRAO, N S ., SUBBA _97409 |
||
| 245 | _aSOIL MICROBIOLOGY | ||
| 250 | _a5th ed. | ||
| 260 |
_bMED TECH _c2020 |
||
| 300 | _a409;P. | ||
| 650 |
_aAGRICULTURE _92837 |
||
| 942 | _cBK | ||
| 999 |
_c8138 _d8136 |
||